<?xml version="1.0" encoding="UTF-8"?>
<marc:record xmlns:marc="http://www.loc.gov/MARC21/slim">
   <marc:leader>00000nam a2200000 a 4500</marc:leader>
   <marc:datafield ind1="1" ind2=" " tag="100">
      <marc:subfield code="a">Rossell, Judith</marc:subfield>
      <marc:subfield code="4">aut</marc:subfield>
      <marc:subfield code="e">Verfasser/-in</marc:subfield>
   </marc:datafield>
   <marc:datafield ind1="0" ind2="0" tag="245">
      <marc:subfield code="a">Stella Montgomery und die magischen Bilder von Wakestone Hall</marc:subfield>
   </marc:datafield>
   <marc:datafield ind1="0" ind2="0" tag="245">
      <marc:subfield code="c">Judith Rossell ; aus dem Englischen von Cornelia Panzacchi</marc:subfield>
   </marc:datafield>
   <marc:datafield ind1=" " ind2="1" tag="264">
      <marc:subfield code="a">Stuttgart</marc:subfield>
      <marc:subfield code="b">Thienemann</marc:subfield>
      <marc:subfield code="c">2019</marc:subfield>
   </marc:datafield>
   <marc:datafield ind1="1" ind2=" " tag="520">
      <marc:subfield code="a">Angaben aus der Verlagsmeldung

Stella Montgomery und die magischen Bilder von Wakestone Hall / von Judith Rossell

Ein magischer und packender Abenteuerroman für Kinder ab 10 Jahren – für alle Fans von Lemony Snicket.Stella fühlt sich schrecklich unwohl in Wakestone Hall. Im Internat gehen merkwürdige Dinge vor sich. Wer zur Strafe ins Zimmer der Direktorin gehen muss, kommt seltsam verändert wieder heraus. Zum Glück freundet sich Stella schon bald mit Ottilie an, die ebenfalls neu ist. Doch dann ist Ottilie plötzlich verschwunden. Kurz zuvor war sie ins Zimmer der Direktorin geschickt worden …
</marc:subfield>
   </marc:datafield>
   <marc:datafield ind1=" " ind2=" " tag="020">
      <marc:subfield code="a">9783522185196</marc:subfield>
      <marc:subfield code="9">9783522185196</marc:subfield>
   </marc:datafield>
   <marc:datafield ind1=" " ind2=" " tag="020">
      <marc:subfield code="a">3522185196</marc:subfield>
      <marc:subfield code="9">3522185196</marc:subfield>
   </marc:datafield>
   <marc:datafield ind1=" " ind2=" " tag="041">
      <marc:subfield code="a">ger</marc:subfield>
   </marc:datafield>
   <marc:datafield ind1=" " ind2=" " tag="300">
      <marc:subfield code="a">294 Seiten</marc:subfield>
   </marc:datafield>
</marc:record>
